Centenario del Instituto de Enseñanza Media de La Laguna (Record no. 115751)

MARC details
000 -LEADER
campo de control de longitud fija 00600nam a2200169 i 4500
001 - NÚMERO DE CONTROL
campo de control 115751
003 - IDENTIFICADOR DE NÚMERO DE CONTROL
campo de control ES-MaACL
005 - FECHA Y HORA DE LA ÚLTIMA TRANSACCIÓN
campo de control 20230906190541.0
007 - CAMPO FIJO DE DESCRIPCIÓN FÍSICA--INFORMACIÓN GENERAL
campo de control de longitud fija t|
008 - DATOS DE LONGITUD FIJA--INFORMACIÓN GENERAL
campo de control de longitud fija 070511s1947 sp ||||1| spa d
245 00 - MENCIÓN DEL TÍTULO
Título Centenario del Instituto de Enseñanza Media de La Laguna
Resto del título : trabajos escolares.
260 ## - PUBLICACIÓN, DISTRIBUCIÓN, ETC.
Lugar de publicación, distribución, etc. La Laguna de Tenerife :
Nombre del editor, distribuidor, etc. Universidad de La Laguna, Secretariado de Publicaciones,
Fecha de publicación, distribución, etc. 1947.
300 ## - DESCRIPCIÓN FÍSICA
Extensión 41 p., 2 lám. ;
Dimensiones 22 cm.
610 27 - PUNTO DE ACCESO ADICIONAL DE MATERIA--NOMBRE DE ENTIDAD CORPORATIVA
Nombre de entidad corporativa o nombre de jurisdicción como elemento de entrada Instituto de Enseñanza Media de La Laguna.
9 (RLIN) 4870
710 2# - ENTRADA AGREGADA--NOMBRE DE ENTIDAD CORPORATIVA
Nombre de entidad corporativa o nombre de jurisdicción como elemento de entrada Universidad de La Laguna.
9 (RLIN) 7194
852 ## - LOCALIZACIÓN
Ubicación ES-MaACL
Número de control de estantería 1870-F-4
Sublocalización o colección R.23852
Holdings
Estatus retirado Estado de pérdida Estado de daño No para préstamo Colección Biblioteca de origen Biblioteca actual Ubicación en estantería Fecha de adquisición Fuente de adquisición Total de préstamos Signatura topográfica completa Código de barras Visto por última vez Precio de reemplazo Tipo de ítem Koha
        Colección de folletos Biblioteca del Ateneo de Madrid Biblioteca del Ateneo de Madrid Depósito folletos 17/01/2008     1870-F-4 1120708 23/02/2023 23/02/2023 Folleto